00598nam a2200205 a 450000100060000000300080000600500170001400800410003103500190007204000410009104100080013208200200014010000340016024500410019426000580023530000200029349000290031365000210034283000290036343578BD-RjUL20211209053722.0160625s1960 xx 000 0 eng  a(BD-RjUL)43696 aDLCcVtMiMdOCoLCdDLCdBD-RjULbeng aeng a332.4bCAM 19601 aCairncross, A. K.d1911-1998.10aMonetary policy in a mixed economy / aStockholm :bDistributors: Almqvist & Wiksell,c1960. a50 p. ;c25 cm.0 aWicksell lectures,v1960 0aMonetary policy. aWicksell lectures,v1960